000 00858nab a2200253 u 4500
001 19169
003 HDC
007 cr bn ---aaaaa
008 210228c20110321xx dr|noo 0 a eng d
040 _aHDC
245 0 _aPhilippines: Commission on Muslim Filipinos supports DA's Halal Initiatives
260 _a[No place] :
_b[publisher not identified],
_c2011
300 _a1 online resource
336 _atext
_2rdacontent
337 _acomputer
_2rdamedia
338 _aonline resource
_2rdacarrier
650 _ahalal agriculture
_zPhilippines
_917704
650 _aHalal industry
_9144
710 _aHalal Focus
856 _zRequest full-text at [email protected]
942 _2lcc
942 _cNEWS
942 _kNWSO 006178
999 _c16485
_d16485